000 00702nam a22001937a 4500
999 _c160592
_d160592
005 20190213131535.0
010 _aENG-124741
020 _a9788186772676
_c995.00
035 _aEN-108273
037 _bDBAD/PUB
082 _a346.730168
245 _aContemporary legal issues:
_bprospects and challenges/
_cedited by MD.Tabish Eqbal [and] Ali Faran Gulraz
260 _aNew Delhi
_bNew Academic Publishers
_c2016
270 _a4760-61, 23, Ansari Road , Daryaganj
_bNew Delhi
_e110002
_k011-23282663, 011-22413394
_mnapindia@newacademicpublishers.com
300 _avi,193p.
_c23cm(Hb)
700 _aEqbal Tabish
710 _aGulrez Ali Faran
942 _2ddc
_cEN
_h346.730168
_mCON